000 00423nam a2200169Ia 4500
005 20240815035000.0
008 240331s9999 xx 000 0 und d
082 _bWIC
_a491.48
100 _aWickremasinghe, M
245 0 _aSinhala language and culture
260 _aDehiwala
_bTisara Prakasakayo Ltd
_c1975
300 _a155 p .,
650 _aSinhala Language
650 _aCulture
650 _aPolitical
942 _cL
999 _c3006
_d3006